Diccionario técnico de biblioteconomía = technical dictionary of librarianship (Record no. 7790)

MARC details
000 -CABECERA
campo de control de longitud fija 00986nam a2200277 a 4500
001 - NÚMERO DE CONTROL
campo de control BRCA_8122
005 - FECHA Y HORA DE LA ÚLTIMA TRANSACCIÓN
campo de control 20190320210136.0
008 - DATOS DE LONGITUD FIJA--INFORMACIÓN GENERAL
campo de control de longitud fija 100414s1964----mx-a###f##---#001-0#spa-#
041 ## - CÓDIGO DE LENGUA
Código de lengua del texto/banda sonora o título independiente spa
044 ## - CÓDIGO DEL PAÍS DE LA ENTIDAD EDITORA/PRODUCTORA
Código MARC del país mx
050 #4 - SIGNATURA TOPOGRÁFICA DE LA BIBLIOTECA DEL CONGRESO
Número de clasificación AG26
Número de documento/Ítem .D545
-- 1964
100 1# - ENTRADA PRINCIPAL--NOMBRE DE PERSONA
Nombre de persona Massa de Gil, Beatriz
9 (RLIN) 20217
245 10 - MENCIÓN DE TÍTULO
Título Diccionario técnico de biblioteconomía = technical dictionary of librarianship
Resto del título español - inglés
Mención de responsabilidad, etc. Beatriz Massa de Gil ; Ray Trautman y Peter Goy, coautores.
260 ## - PUBLICACIÓN, DISTRIBUCIÓN, ETC.
Lugar de publicación, distribución, etc. México
Nombre del editor, distribuidor, etc. Trillas
Fecha de publicación, distribución, etc. 1964
300 ## - DESCRIPCIÓN FÍSICA
Extensión 387 p.
Otras características físicas il.
Dimensiones 24 cm.
500 ## - NOTA GENERAL
Nota general Y191
500 ## - NOTA GENERAL
Nota general Ver también 3031 (ed. 1969) y 3017 (ed. en italiano)
500 ## - NOTA GENERAL
Nota general Dedicatoria de la autora al señor Franz Mayer
546 ## - NOTA DE LENGUA/LENGUAJE
Nota de lengua/lenguaje Texto en español e inglés
650 14 - PUNTO DE ACCESO ADICIONAL DE MATERIA--TÉRMINO DE MATERIA
Término de materia o nombre geográfico como elemento de entrada Diccionarios
Subdivisión de forma Especializados
Subdivisión geográfica México
9 (RLIN) 19824
650 14 - PUNTO DE ACCESO ADICIONAL DE MATERIA--TÉRMINO DE MATERIA
Término de materia o nombre geográfico como elemento de entrada Biblioteconomía
Subdivisión de forma Libros de consulta
Subdivisión geográfica México
9 (RLIN) 20218
700 1# - PUNTO DE ACCESO ADICIONAL--NOMBRE DE PERSONA
Nombre de persona Trautman, Ray
Término indicativo de función/relación coaut.
9 (RLIN) 20219
700 1# - PUNTO DE ACCESO ADICIONAL--NOMBRE DE PERSONA
Nombre de persona Goy, Peter
Término indicativo de función/relación coaut.
9 (RLIN) 20220
902 ## - CATALOGADOR
Iniciales GFM
942 ## - ELEMENTOS DE PUNTO DE ACCESO ADICIONAL (KOHA)
Fuente del sistema de clasificación o colocación Library of Congress Classification
Tipo de ítem Koha Libros
Holdings
Estado de retiro Estado de pérdida Estado dañado No para préstamo Localización permanente Ubicación/localización actual Fecha de adquisición Número de inventario Total de préstamos Signatura topográfica completa Código de barras Fecha visto por última vez Precio válido a partir de Tipo de ítem Koha
El ejemplar forma parte de la colección y puede ser consultado según las políticas vigentes.       Biblioteca del Museo Franz Mayer (Rogerio Casas-Alatriste) Biblioteca del Museo Franz Mayer (Rogerio Casas-Alatriste) 10/04/2014 Y191   AG26 .D545 1964 (Y191) 8746 22/03/2019 22/03/2019 Libros